Bukan pintu bukan tingkap
| Main Author: | |
|---|---|
| Format: | Book |
| Published: |
Petaling Jaya :
Longman ,
1994
|
| Series: | Siri manusia dan anggota badan
|
| Subjects: |
MARC
| LEADER | 00000cam a2200000 7i4500 | ||
|---|---|---|---|
| 001 | 0000001797 | ||
| 002 | 000001955 | ||
| 005 | 20000330.0 | ||
| 020 | |a 9838800937 | ||
| 090 | 0 | 0 | |a J 398.6 |b PAN |
| 100 | 0 | |a WS.Uzala | |
| 245 | 1 | 0 | |a Bukan pintu bukan tingkap |c WS.Uzala |
| 260 | |a Petaling Jaya : |b Longman , |c 1994 | ||
| 300 | |a 30p. : |b ill. ; |c 26cm. | ||
| 490 | 0 | |a Siri manusia dan anggota badan | |
| 650 | 0 | 0 | |a Riddles |x Juvenile literature |
| 999 | |a 034420 |b BUKU |c PINJAMAN |e PERPUSTAKAAN KOMUNITI PETALING JAYA | ||